Top XIs: Feyenoord Rotterdam (1978-2023) - Statistics

General Stats
  • This quiz has been taken 228 times
  • The average score is 114 of 450
Answer Stats
Hint Position Answer % Correct
2001/2002 MF Robin van Persie
86%
2003/2004 ST Robin van Persie
86%
2018/2019 ST Robin van Persie
86%
2003/2004 ST Dirk Kuyt
83%
2004/2005 ST Dirk Kuyt
83%
2005/2006 ST Dirk Kuyt
83%
2015/2016 ST Dirk Kuyt
83%
2016/2017 ST Dirk Kuyt
83%
2003/2004 DF Peter van den Berg
69%
2019/2020 MF Orkun Kökcü
68%
2020/2021 MF Orkun Kökcü
68%
2021/2022 MF Orkun Kökcü
68%
2022/2023 MF Orkun Kökcü
68%
2021/2022 DF Gernot Trauner
66%
2022/2023 DF Gernot Trauner
66%
2000/2001 DF Ferry de Haan
63%
2017/2018 ST Steven Berghuis
62%
2018/2019 ST Steven Berghuis
62%
2019/2020 ST Steven Berghuis
62%
2020/2021 ST Steven Berghuis
62%
2019/2020 DF Lutsharel Geertruida
60%
2020/2021 DF Lutsharel Geertruida
60%
2022/2023 MF Lutsharel Geertruida
60%
2018/2019 DF Tyrell Malacia
60%
2020/2021 DF Tyrell Malacia
60%
2021/2022 DF Tyrell Malacia
60%
2022/2023 DF Dávid Hancko
58%
2014/2015 MF Jens Toornstra
58%
2015/2016 MF Jens Toornstra
58%
2016/2017 MF Jens Toornstra
58%
2017/2018 MF Jens Toornstra
58%
2018/2019 MF Jens Toornstra
58%
2019/2020 MF Jens Toornstra
58%
2020/2021 MF Jens Toornstra
58%
2019/2020 ST Luis Sinisterra
57%
2020/2021 ST Luis Sinisterra
57%
2021/2022 ST Luis Sinisterra
57%
2022/2023 MF Quinten Timber
56%
2019/2020 DF Marcos Senesi
55%
2020/2021 DF Marcos Senesi
55%
2021/2022 DF Marcos Senesi
55%
2016/2017 ST Nicolai Jørgensen
55%
2017/2018 ST Nicolai Jørgensen
55%
2022/2023 ST Danilo
53%
2015/2016 DF Eric Botteghin
53%
2016/2017 DF Eric Botteghin
53%
2018/2019 DF Eric Botteghin
53%
2019/2020 DF Eric Botteghin
53%
1983/1984 MF Johan Cruyff
53%
2022/2023 DF Marcos López
53%
2014/2015 DF Rick Karsdorp
53%
2015/2016 DF Rick Karsdorp
53%
2016/2017 DF Rick Karsdorp
53%
2014/2015 DF Terence Kongolo
53%
2015/2016 DF Terence Kongolo
53%
2016/2017 DF Terence Kongolo
53%
2012/2013 MF Tonny Vilhena
53%
2013/2014 MF Tonny Vilhena
53%
2015/2016 MF Tonny Vilhena
53%
2016/2017 MF Tonny Vilhena
53%
2017/2018 MF Tonny Vilhena
53%
2018/2019 MF Tonny Vilhena
53%
1995/1996 DF Gio van Bronckhorst
52%
1996/1997 DF Gio van Bronckhorst
52%
1997/1998 DF Gio van Bronckhorst
52%
2007/2008 MF Gio van Bronckhorst
52%
2008/2009 DF Gio van Bronckhorst
52%
2009/2010 DF Gio van Bronckhorst
52%
2001/2002 ST Pierre van Hooijdonk
52%
2002/2003 ST Pierre van Hooijdonk
52%
2006/2007 ST Pierre van Hooijdonk
52%
2021/2022 DF Marcus Pedersen
51%
2022/2023 DF Marcus Pedersen
51%
2020/2021 ST Bryan Linssen
50%
2021/2022 ST Bryan Linssen
50%
2012/2013 ST Graziano Pellè
48%
2013/2014 ST Graziano Pellè
48%
2015/2016 ST Eljero Elia
47%
2016/2017 ST Eljero Elia
47%
2008/2009 MF Karim El Ahmadi
47%
2009/2010 MF Karim El Ahmadi
47%
2010/2011 MF Karim El Ahmadi
47%
2011/2012 MF Karim El Ahmadi
47%
2014/2015 MF Karim El Ahmadi
47%
2015/2016 MF Karim El Ahmadi
47%
2016/2017 MF Karim El Ahmadi
47%
2017/2018 MF Karim El Ahmadi
47%
2021/2022 MF Fredrik Aursnes
46%
1994/1995 ST Henrik Larsson
46%
1995/1996 ST Henrik Larsson
46%
1996/1997 ST Henrik Larsson
46%
2022/2023 MF Sebastian Szymański
45%
1981/1982 MF Wim van Hanegem
45%
1982/1983 MF Wim van Hanegem
45%
2010/2011 DF Stefan de Vrij
44%
2011/2012 DF Stefan de Vrij
44%
2012/2013 DF Stefan de Vrij
44%
2013/2014 DF Stefan de Vrij
44%
2016/2017 DF J.-A. van der Heijden
42%
2011/2012 ST John Guidetti
42%
1998/1999 ST Jon Dahl Tomasson
42%
1999/2000 ST Jon Dahl Tomasson
42%
2000/2001 ST Jon Dahl Tomasson
42%
2001/2002 ST Jon Dahl Tomasson
42%
2022/2023 ST Javairô Dilrosun
41%
2008/2009 MF Georginio Wijnaldum
41%
2009/2010 MF Georginio Wijnaldum
41%
2010/2011 MF Georginio Wijnaldum
41%
2021/2022 MF Guus Til
41%
1982/1983 ST Ruud Gullit
41%
1983/1984 ST Ruud Gullit
41%
1984/1985 ST Ruud Gullit
41%
2021/2022 ST Alireza Jahanbakhsh
40%
1978/1979 MF Wim van Til
40%
1980/1981 MF Wim van Til
40%
1981/1982 MF Wim van Til
40%
2011/2012 MF Jordy Clasie
39%
2012/2013 MF Jordy Clasie
39%
2013/2014 MF Jordy Clasie
39%
2014/2015 MF Jordy Clasie
39%
2018/2019 MF Jordy Clasie
39%
2005/2006 DF Ron Vlaar
39%
2006/2007 DF Ron Vlaar
39%
2009/2010 DF Ron Vlaar
39%
2010/2011 DF Ron Vlaar
39%
2011/2012 DF Ron Vlaar
39%
2008/2009 MF Leroy Fer
38%
2009/2010 MF Leroy Fer
38%
2010/2011 MF Leroy Fer
38%
2019/2020 MF Leroy Fer
38%
2020/2021 MF Leroy Fer
38%
2007/2008 ST Roy Makaay
37%
2008/2009 ST Roy Makaay
37%
2009/2010 ST Roy Makaay
37%
2017/2018 DF Ridgeciano Haps
36%
2019/2020 DF Ridgeciano Haps
36%
1995/1996 DF Ronald Koeman
36%
1996/1997 DF Ronald Koeman
36%
1978/1979 MF Wim Jansen
36%
1979/1980 MF Wim Jansen
36%
2011/2012 DF Bruno Martins Indi
35%
2012/2013 DF Bruno Martins Indi
35%
1997/1998 MF Paul Bosvelt
32%
1998/1999 MF Paul Bosvelt
32%
1999/2000 MF Paul Bosvelt
32%
2000/2001 MF Paul Bosvelt
32%
2001/2002 MF Paul Bosvelt
32%
2002/2003 MF Paul Bosvelt
32%
2014/2015 DF Sven van Beek
31%
2015/2016 DF Sven van Beek
31%
2017/2018 DF Sven van Beek
31%
2014/2015 ST Colin Kazim
30%
1990/1991 DF John de Wolf
30%
1991/1992 DF John de Wolf
30%
1992/1993 DF John de Wolf
30%
1993/1994 DF John de Wolf
30%
2012/2013 DF Joris Mathijsen
30%
2013/2014 DF Joris Mathijsen
30%
2001/2002 MF Shinji Ono
30%
2002/2003 MF Shinji Ono
30%
2003/2004 MF Shinji Ono
30%
2004/2005 MF Shinji Ono
30%
1999/2000 MF Bonaventure Kalou
29%
2000/2001 MF Bonaventure Kalou
29%
2001/2002 MF Bonaventure Kalou
29%
2002/2003 ST Bonaventure Kalou
29%
2015/2016 ST Michiel Kramer
29%
2004/2005 ST Salomon Kalou
29%
2005/2006 ST Salomon Kalou
29%
2012/2013 DF Daryl Janmaat
26%
2013/2014 DF Daryl Janmaat
26%
1997/1998 ST Julio Ricardo Cruz
26%
1998/1999 ST Julio Ricardo Cruz
26%
1999/2000 ST Julio Ricardo Cruz
26%
1996/1997 DF Kees van Wonderen
26%
1997/1998 DF Kees van Wonderen
26%
1998/1999 DF Kees van Wonderen
26%
1999/2000 DF Kees van Wonderen
26%
2000/2001 DF Kees van Wonderen
26%
2001/2002 DF Kees van Wonderen
26%
2002/2003 DF Kees van Wonderen
26%
2003/2004 DF Kees van Wonderen
26%
2012/2013 MF Lex Immers
26%
2013/2014 MF Lex Immers
26%
2014/2015 MF Lex Immers
26%
2013/2014 DF Miquel Nelom
26%
2014/2015 DF Miquel Nelom
26%
1998/1999 DF Patrick Paauwe
24%
1999/2000 MF Patrick Paauwe
24%
2000/2001 MF Patrick Paauwe
24%
2001/2002 DF Patrick Paauwe
24%
2002/2003 DF Patrick Paauwe
24%
2003/2004 DF Patrick Paauwe
24%
2004/2005 MF Patrick Paauwe
24%
2005/2006 MF Patrick Paauwe
24%
2011/2012 ST Ruben Schaken
24%
2012/2013 ST Ruben Schaken
24%
2013/2014 ST Ruben Schaken
24%
2020/2021 DF Uroš Spajić
24%
2012/2013 ST Jean-Paul Boëtius
23%
2013/2014 ST Jean-Paul Boëtius
23%
2014/2015 ST Jean-Paul Boëtius
23%
2017/2018 ST Jean-Paul Boëtius
23%
1982/1983 ST Peter Houtman
23%
1983/1984 ST Peter Houtman
23%
1984/1985 ST Peter Houtman
23%
2007/2008 DF Tim de Cler
23%
2010/2011 DF Tim de Cler
23%
1989/1990 ST József Kiprich
22%
1990/1991 ST József Kiprich
22%
1992/1993 ST József Kiprich
22%
2017/2018 DF Jeremiah St. Juste
20%
2018/2019 DF Jeremiah St. Juste
20%
2005/2006 DF André Bahia
18%
2006/2007 DF André Bahia
18%
2007/2008 DF André Bahia
18%
2008/2009 DF André Bahia
18%
2009/2010 DF André Bahia
18%
2000/2001 MF Brett Emerton
18%
2001/2002 DF Brett Emerton
18%
2002/2003 MF Brett Emerton
18%
2011/2012 MF Otman Bakkal
18%
1990/1991 MF Gaston Taument
16%
1991/1992 MF Gaston Taument
16%
1992/1993 MF Gaston Taument
16%
1993/1994 MF Gaston Taument
16%
1995/1996 MF Gaston Taument
16%
1996/1997 MF Gaston Taument
16%
1989/1990 MF Regi Blinker
16%
1990/1991 MF Regi Blinker
16%
1991/1992 MF Regi Blinker
16%
1992/1993 MF Regi Blinker
16%
1993/1994 MF Regi Blinker
16%
1994/1995 MF Regi Blinker
16%
2008/2009 MF Diego Biseswar
15%
2009/2010 MF Diego Biseswar
15%
2010/2011 MF Diego Biseswar
15%
2005/2006 MF Jonath. de Guzman
15%
2006/2007 MF Jonath. de Guzman
15%
2007/2008 MF Jonath. de Guzman
15%
2017/2018 DF Kevin Diks
15%
2006/2007 DF Royston Drenthe
15%
1990/1991 DF Ulrich van Gobbel
15%
1991/1992 DF Ulrich van Gobbel
15%
1992/1993 DF Ulrich van Gobbel
15%
1993/1994 DF Ulrich van Gobbel
15%
1994/1995 DF Ulrich van Gobbel
15%
1995/1996 DF Ulrich van Gobbel
15%
1997/1998 DF Ulrich van Gobbel
15%
1998/1999 DF Ulrich van Gobbel
15%
1999/2000 DF Ulrich van Gobbel
15%
2000/2001 DF Ulrich van Gobbel
15%
1978/1979 DF Ben Wijnstekers
14%
1979/1980 DF Ben Wijnstekers
14%
1980/1981 DF Ben Wijnstekers
14%
1981/1982 DF Ben Wijnstekers
14%
1982/1983 DF Ben Wijnstekers
14%
1983/1984 DF Ben Wijnstekers
14%
1984/1985 DF Ben Wijnstekers
14%
1985/1986 DF Ben Wijnstekers
14%
1986/1987 DF Ben Wijnstekers
14%
1987/1988 DF Ben Wijnstekers
14%
1998/1999 DF Bert Konterman
14%
1999/2000 DF Bert Konterman
14%
2018/2019 DF Cuco Martina
14%
2007/2008 MF Denny Landzaat
14%
2009/2010 MF Denny Landzaat
14%
1991/1992 DF Henk Fraser
14%
1993/1994 DF Henk Fraser
14%
1994/1995 DF Henk Fraser
14%
2010/2011 ST Luc Castaignos
14%
2007/2008 MF Luigi Bruins
14%
2008/2009 MF Luigi Bruins
14%
2010/2011 MF Luigi Bruins
14%
1988/1989 MF Martin van Geel
14%
1980/1981 DF Sjaak Troost
14%
1981/1982 DF Sjaak Troost
14%
1982/1983 DF Sjaak Troost
14%
1983/1984 DF Sjaak Troost
14%
1984/1985 DF Sjaak Troost
14%
1985/1986 DF Sjaak Troost
14%
1986/1987 DF Sjaak Troost
14%
1987/1988 DF Sjaak Troost
14%
1988/1989 DF Sjaak Troost
14%
1989/1990 DF Sjaak Troost
14%
2002/2003 MF Thomas Buffel
14%
2003/2004 MF Thomas Buffel
14%
1988/1989 ST Włodzim. Smolarek
14%
2011/2012 ST Jerson Cabral
13%
1995/1996 DF J.-Paul van Gastel
13%
1996/1997 MF J.-Paul van Gastel
13%
1997/1998 MF J.-Paul van Gastel
13%
1998/1999 MF J.-Paul van Gastel
13%
2007/2008 DF Kevin Hofland
13%
2008/2009 DF Kevin Hofland
13%
1991/1992 MF Peter Bosz
13%
1992/1993 MF Peter Bosz
13%
1993/1994 MF Peter Bosz
13%
1994/1995 MF Peter Bosz
13%
1995/1996 MF Peter Bosz
13%
1998/1999 ST Peter van Vossen
13%
1990/1991 MF Rob Witschge
13%
1991/1992 MF Rob Witschge
13%
1992/1993 MF Rob Witschge
13%
1993/1994 MF Rob Witschge
13%
1994/1995 MF Rob Witschge
13%
1988/1989 DF John Metgod
12%
1989/1990 DF John Metgod
12%
1990/1991 DF John Metgod
12%
1991/1992 DF John Metgod
12%
1992/1993 DF John Metgod
12%
1993/1994 ST John van Loen
12%
1984/1985 MF Mario Been
12%
1985/1986 MF Mario Been
12%
1986/1987 MF Mario Been
12%
1987/1988 MF Mario Been
12%
2009/2010 DF Kelvin Leerdam
11%
2010/2011 DF Kelvin Leerdam
11%
2011/2012 DF Kelvin Leerdam
11%
2004/2005 MF Romeo Castelen
11%
2005/2006 MF Romeo Castelen
11%
2005/2006 MF Serginho Greene
11%
2006/2007 MF Serginho Greene
11%
2006/2007 DF Theo Lucius
11%
2007/2008 DF Theo Lucius
11%
1999/2000 DF Tomasz Rząsa
11%
2000/2001 DF Tomasz Rząsa
11%
2001/2002 DF Tomasz Rząsa
11%
2002/2003 DF Tomasz Rząsa
11%
1983/1984 MF André Hoekstra
10%
1984/1985 MF André Hoekstra
10%
1986/1987 MF André Hoekstra
10%
1987/1988 MF André Hoekstra
10%
2006/2007 ST Angelos Charisteas
10%
1984/1985 MF Johnny Rep
10%
1985/1986 MF Johnny Rep
10%
1989/1990 MF Arnold Scholten
9%
1990/1991 MF Arnold Scholten
9%
1991/1992 MF Arnold Scholten
9%
1992/1993 MF Arnold Scholten
9%
1993/1994 MF Arnold Scholten
9%
1994/1995 MF Arnold Scholten
9%
2004/2005 MF
Bart Goor
9%
1978/1979 ST Jan Peters
9%
1979/1980 ST Jan Peters
9%
1978/1979 DF Stanley Brard
9%
1980/1981 DF Stanley Brard
9%
1985/1986 DF Stanley Brard
9%
2000/2001 ST Leonardo
8%
1988/1989 DF Ruud Heus
8%
1989/1990 DF Ruud Heus
8%
1990/1991 DF Ruud Heus
8%
1993/1994 DF Ruud Heus
8%
1994/1995 DF Ruud Heus
8%
1998/1999 MF Tininho
8%
1978/1979 DF André Stafleu
7%
1979/1980 DF André Stafleu
7%
1980/1981 DF André Stafleu
7%
1981/1982 DF André Stafleu
7%
1982/1983 DF André Stafleu
7%
1983/1984 DF André Stafleu
7%
1984/1985 DF André Stafleu
7%
1996/1997 MF Pablo Sánchez
7%
1997/1998 MF Pablo Sánchez
7%
2004/2005 DF Pascal Bosschaart
7%
2005/2006 DF Pascal Bosschaart
7%
1985/1986 MF Simon Tahamata
7%
1986/1987 MF Simon Tahamata
7%
2006/2007 MF Danny Buijs
6%
2008/2009 DF Dwight Tiendalli
6%
2003/2004 MF Hossam Ghaly
6%
1979/1980 DF Ivan Nielsen
6%
1980/1981 DF Ivan Nielsen
6%
1981/1982 DF Ivan Nielsen
6%
1982/1983 DF Ivan Nielsen
6%
1983/1984 DF Ivan Nielsen
6%
1984/1985 DF Ivan Nielsen
6%
1985/1986 DF Ivan Nielsen
6%
1980/1981 MF Pierre Vermeulen
6%
1981/1982 MF Pierre Vermeulen
6%
1982/1983 MF Pierre Vermeulen
6%
2004/2005 DF Alexander Östlund
5%
2005/2006 DF Alexander Östlund
5%
2003/2004 MF Alfred Schreuder
5%
2004/2005 DF Bruno Basto
5%
1992/1993 DF Errol Refos
5%
1994/1995 DF Errol Refos
5%
1995/1996 MF George Boateng
5%
1996/1997 MF George Boateng
5%
1999/2000 MF Jan de Visser
5%
1985/1986 ST John Eriksen
5%
1985/1986 DF Keje Molenaar
5%
1986/1987 DF Keje Molenaar
5%
1987/1988 DF Keje Molenaar
5%
1988/1989 MF Marcel Brands
5%
1989/1990 MF Marcel Brands
5%
1991/1992 ST Marian Damaschin
5%
1978/1979 DF Mich. van de Korput
5%
1979/1980 DF Mich. van de Korput
5%
1983/1984 DF Mich. van de Korput
5%
1984/1985 DF Mich. van de Korput
5%
2007/2008 MF Nuri Sahin
5%
1994/1995 MF Orlando Trustfull
5%
1995/1996 MF Orlando Trustfull
5%
1996/1997 DF Patricio Graff
5%
1986/1987 MF Peter Barendse
5%
1987/1988 MF Peter Barendse
5%
1988/1989 MF Peter Barendse
5%
1978/1979 ST Pétur Pétursson
5%
1979/1980 ST Pétur Pétursson
5%
1989/1990 ST Piet Keur
5%
1986/1987 MF René Hofman
5%
1987/1988 MF René Hofman
5%
1988/1989 MF René Hofman
5%
1995/1996 MF Tomasz Iwan
5%
2002/2003 DF Chong-Gug Song
4%
2003/2004 DF Chong-Gug Song
4%
1987/1988 ST Dave Mitchell
4%
1997/1998 DF Fernando Picun
4%
1990/1991 MF Ioan Sabău
4%
1985/1986 ST Jan Sörensen
4%
1978/1979 MF Jan van Deinsen
4%
1979/1980 MF Jan van Deinsen
4%
1980/1981 MF Jan van Deinsen
4%
1981/1982 MF Jan van Deinsen
4%
1980/1981 ST Karel Bouwens
4%
1981/1982 ST Karel Bouwens
4%
1988/1989 DF Paul Nortan
4%
1989/1990 DF Paul Nortan
4%
1979/1980 MF Roger Albertsen
4%
1988/1989 MF Ton Lokhoff
4%
1989/1990 MF Ton Lokhoff
4%
1997/1998 MF Igor Korneev
3%
2006/2007 MF Joonas Kolkka
3%
1986/1987 DF Ken Monkou
3%
1987/1988 DF Ken Monkou
3%
1986/1987 ST Lars Elstrup
3%
1987/1988 ST Lars Elstrup
3%
1978/1979 MF René Notten
3%
1979/1980 MF René Notten
3%
1980/1981 MF René Notten
3%
2004/2005 DF Karim Saïdi
2%
1982/1983 MF Michel Valke
2%
1981/1982 MF Andrey Zhelyazkov
1%
1982/1983 MF Andrey Zhelyazkov
1%
1983/1984 MF Andrey Zhelyazkov
1%
2018/2019 ST Sam Larsson
1%
2019/2020 ST Sam Larsson
1%
1996/1997 ST Henk Vos
0%
1997/1998 ST Henk Vos
0%
No matching quizzes found
Score Distribution
Percent of People with Each Score
Percentile by Number Answered
Your Score History
You have not taken this quiz